[Event "EICC 2021"]
[Site "Reykjavik"]
[Date "2021.08.30"]
[Round "5.18"]
[White "Lupulescu, Constantin"]
[Black "Ferreira, Jorge Viterbo"]
[Result "1/2-1/2"]
[WhiteElo "2659"]
[BlackElo "2520"]
[Annotator "TA"]
[PlyCount "77"]
[EventDate "2021.08.26"]
[EventType "swiss"]
[EventCountry "ISL"]
[Tiebreak "Cut1 Buchholz"]
[SourceTitle "playchess.com"]
[Source "ChessBase"]
[SourceQuality "1"]

{[%evp 14,77,56,49,41,66,62,67,61,30,56,56,60,47,68,22,22,26,16,23,31,18,27,15,
66,26,88,18,118,133,105,106,93,16,9,0,0,0,0,0,0,0,0,0,0,0,0,0,0,0,0,0,0,0,0,0,
0,0,0,0,0,0,0,0,0,0]} 1. e4 c5 2. Nf3 e6 3. d4 cxd4 4. Nxd4 a6 5. c4 Nf6 6. Nc3
Qc7 7. a3 b6 8. Be3 Bb7 {B41: Sicilian: Kan Variation: 5 c4.} 9. f3 d6 10. Qd2
Be7 {[#] White is slightly better.} 11. g4 $146 ({Predecessor:} 11. Be2 O-O 12.
O-O Nbd7 13. a4 Rab8 14. Rfc1 Rfc8 15. Kh1 Qd8 16. Bf1 Ne5 17. b3 {1/2-1/2 (49)
Piorun,K (2655)-Fedorov,A (2561) Jurmala 2016}) 11... h6 12. O-O-O Nbd7 13. h4
Ne5 14. Rg1 Nfd7 15. Kb1 Bxh4 16. g5 hxg5 $1 (16... Nxc4 $2 17. Bxc4 Qxc4 18.
Qh2 $18) 17. Bxg5 Bxg5 (17... Nxc4 18. Bxc4 Bxg5 19. Qxg5 $18) 18. Qxg5 {
With the idea Ndb5!} g6 ({Better is} 18... Nf6 $11) 19. f4 $1 $14 {[%cal Rf4e5]
} Nxc4 {[#]} 20. Nxe6 fxe6 (20... Nxa3+ $1 $11 21. Ka2 fxe6 22. Qxg6+ {[%mdl
64] Double Attack} Kd8 23. Qxe6 Nb5 24. Rg8+ Rxg8 25. Qxg8+ Ke7 26. Qh7+ Kd8
27. Qh8+ Ke7 28. Qh7+ Kd8 29. Qh8+ Ke7 30. Qh7+) 21. Qxg6+ $16 {[%mdl 64]
Double Attack} Kd8 22. Qxe6 Nxa3+ {[#]} 23. Ka2 (23. Ka1 $1 $16 Nc2+ 24. Kb1
Na3+ 25. Kc1) 23... Nb5 $11 {[%cal Rb5c3] The position is equal.} 24. Rg8+ Rxg8
25. Qxg8+ Ke7 26. Qg5+ Kf8 {Hoping for ...Nc5.} 27. Nd5 {White wants to mate
with Qe7+.} Qc2 {[%mdl 64] Double Attack} 28. Qe7+ Kg8 29. Qe6+ Kf8 $1 30. Qe7+
Kg8 31. Qe6+ Kf8 $1 32. Qh6+ Kf7 33. Qh5+ Kf8 34. Qh8+ Kf7 35. Qh5+ Kf8 36.
Qh8+ Kf7 37. Qh7+ Kf8 38. Qf5+ Ke8 $1 {( -> ...Bxd5+)} ({Wrong is} 38... Kg8 $2
39. Rd3 $18) 39. Qe6+ {Weighted Error Value: White=0.09/Black=0.08} 1/2-1/2

[Event "EICC 2021"]
[Site "Reykjavik"]
[Date "2021.08.30"]
[Round "5.19"]
[White "Kozak, Adam"]
[Black "Donchenko, Alexander"]
[Result "0-1"]
[WhiteElo "2504"]
[BlackElo "2657"]
[Annotator "TA"]
[PlyCount "88"]
[EventDate "2021.08.26"]
[EventType "swiss"]
[EventCountry "ISL"]
[Tiebreak "Cut1 Buchholz"]
[SourceTitle "playchess.com"]
[Source "ChessBase"]
[SourceQuality "1"]

{[%evp 12,88,12,13,0,0,0,0,0,0,0,-16,-20,-19,0,-5,-10,-10,0,-26,-19,-31,-31,
-26,0,-23,-6,-149,-146,-147,-151,-141,-143,-145,-139,-203,-204,-200,-204,-202,
-200,-220,-215,-215,-220,-210,-203,-302,-293,-289,-280,-257,-322,-345,-325,
-651,-650,-622,-564,-635,-521,-510,-475,-817,-812,-863,-742,-570,0,-656,-536,
-1937,-1937,-1789,-1630,-1689,-1546,-802,-772]} 1. e4 e5 2. Nf3 Nc6 3. d4 exd4
4. Nxd4 Nf6 5. Nxc6 bxc6 6. Bd3 d5 7. Qe2 dxe4 {C45: Scotch Game.} 8. Bxe4 Nxe4
9. Qxe4+ Qe7 {The position is equal.} 10. Qxe7+ Bxe7 11. O-O Bf5 12. c3 O-O 13.
Bf4 {[#]} Rfb8 $146 ({Predecessor:} 13... Rab8 14. b3 Bd6 15. Be3 a5 16. Nd2 a4
17. b4 Rfd8 18. Nf3 Be4 19. Nd2 Bf5 {1/2-1/2 (38) Huesmann,T (2303)-De Wit,M 
(2259) Belgium 2005}) 14. b3 Bf6 15. Bxc7 Re8 16. Bf4 Re2 {[%mdl 1024] Black
has compensation.} 17. Be3 h5 18. Rd1 Bc2 19. Rc1 {[#] Black converts the
advantage convincingly.} (19. Rf1 $1 $11) 19... Re8 $1 $17 20. Na3 R8xe3 21.
Nxc2 Rxc3 22. Ne3 {[#]} Rxa2 $3 {[%mdl 576] Deflection} 23. Rxa2 (23. Nd1 $17
Rxa1 24. Rxa1) 23... Rxc1+ {[%mdl 4096] Endgame KRB-KRN} 24. Nf1 Bd4 25. g3 Rb1
26. Rd2 c5 27. Rd3 f5 28. Kg2 Kf7 29. Rf3 (29. Ne3 {is a better defense.} Rb2
30. Nd1) 29... Ke6 $19 30. Nd2 Re1 31. Nc4 g5 32. h3 Re2 33. g4 $2 (33. Kf1 Ra2
34. Kg1) 33... hxg4 34. hxg4 f4 35. Kf1 Rc2 36. Ke1 Kd5 37. Kf1 (37. Kd1 $142
Ke4 38. Rxf4+ Kxf4 39. Kxc2) 37... Ra2 38. Kg1 Ra1+ 39. Kg2 Ra2 40. Kg1 $1 a5 {
[%cal Ba7a5,Ba5a4][%mdl 32] Black is clearly winning.} 41. Kg2 a4 42. Nb6+ Kc6
43. Nxa4 c4 {[%cal Bc5c4,Bc4b3][%mdl 32]} 44. Nc3 cxb3 {Weighted Error Value:
White=0.44/Black=0.20} 0-1

[Event "EICC 2021"]
[Site "Reykjavik"]
[Date "2021.08.30"]
[Round "5.21"]
[White "Paravyan, David"]
[Black "Druska, Juraj"]
[Result "1/2-1/2"]
[WhiteElo "2631"]
[BlackElo "2493"]
[Annotator "TA"]
[PlyCount "147"]
[EventDate "2021.08.26"]
[EventType "swiss"]
[EventCountry "ISL"]
[Tiebreak "Cut1 Buchholz"]
[SourceTitle "playchess.com"]
[Source "ChessBase"]
[SourceQuality "1"]

{[%evp 9,147,10,27,0,0,-3,14,15,14,0,27,28,25,25,47,6,31,6,10,10,12,14,17,10,
10,0,0,0,5,5,5,7,10,6,6,0,14,5,5,7,6,0,0,0,17,0,8,0,12,7,17,0,0,0,0,0,0,0,0,0,
0,0,0,0,0,0,0,0,0,0,0,0,0,0,0,0,0,0,0,0,0,0,0,0,0,0,0,0,0,0,0,0,0,0,0,0,0,0,0,
0,0,0,0,0,0,0,0,0,0,0,0,0,0,0,0,0,-28000,-28000,-28000,-28000,-28000,-28000,
-28000,-28000,-28000,-28000,-28000,-28000,-28000,-28000,-28000,-28000,-28000,
-28000,-28000,-28000,-28000,-28000,-28000,-28000]} 1. c4 e6 2. g3 d5 3. Bg2 Nf6
4. Nf3 Be7 5. O-O O-O 6. Ne5 {A14: English Opening: 1...e6 with b3 by White.}
c5 7. d3 Nbd7 8. Nxd7 {The position is equal.} Bxd7 9. e4 dxe4 10. dxe4 Bc6 11.
Qe2 Nd7 {[#]} 12. Bf4 $146 ({Predecessor:} 12. Nc3 Bf6 13. Bf4 Ne5 14. Rfd1 Qe7
15. Be3 Ng6 16. f4 Bd4 17. Bxd4 cxd4 18. Rxd4 {1-0 (52) Ivanisevic,I (2606)
-Travadon,L (2414) Chess.com INT 2021}) 12... Bg5 13. Bxg5 Qxg5 14. f4 Qe7 15.
Nc3 Rad8 16. Rae1 Nb8 17. Qh5 Rd2 18. Rf2 Qd6 19. Rxd2 Qxd2 {[%mdl 64] [#]
Double Attack} 20. Qe2 Qxe2 21. Rxe2 Rd8 22. Kf2 Rd4 23. b3 Kf8 24. Ke3 Ke7 25.
Re1 b6 26. Bf3 Rd7 27. h4 Bb7 28. Nb5 Bc6 29. g4 (29. Rc1 {feels hotter.} f6
30. Be2 a6 31. Nc3 Rd4 32. Rg1) 29... Na6 30. Rc1 Bxb5 31. cxb5 $11 {[%mdl
4096] Endgame KRB-KRN} Nc7 32. Be2 f5 33. gxf5 exf5 34. Rg1 g6 35. h5 Rd4 36.
exf5 Nd5+ {[%mdl 64] [#] Double Attack} 37. Kf2 $1 Rxf4+ 38. Bf3 Rxf5 39. hxg6
hxg6 40. Rxg6 Nb4 {Threatens to win with ...Nd3+.} 41. Rg7+ Rf7 42. Rxf7+ Kxf7
{KB-KN} 43. a4 Ke6 44. Ke3 Ke5 45. Be4 Na2 46. Bf3 Nc1 47. Bd1 Kd5 48. Bf3+ Kd6
49. Bd1 Ke5 50. Bc2 Na2 51. Bh7 Nc3 52. Bg8 Ne4 53. Kd3 Nf6 54. Bf7 Ne4 55. Bg8
Nf2+ 56. Kc3 Ng4 57. Kd3 Kf4 58. b4 {And now bxc5 would win.} Ne5+ 59. Kc3 {
Strongly threatening bxc5.} cxb4+ 60. Kxb4 Ke4 61. a5 Kd4 $2 {[%mdl 8192]} (
61... bxa5+ $11 62. Kxa5 Kd4) 62. axb6 axb6 63. Bh7 {Mate.} Nc4 64. Bg8 Ne3 65.
Bh7 Nd5+ 66. Kb3 Kc5 67. Bd3 Nc7 68. Kc3 Nxb5+ 69. Bxb5 Kxb5 {KP-K} 70. Kb3 Kc5
71. Kc3 b5 72. Kb3 b4 73. Kb2 b3 74. Kxb3 {[%mdl 32768] Weighted Error Value:
White=0.03/Black=0.03. An unexpected result.} 1/2-1/2

[Event "EICC 2021"]
[Site "Reykjavik"]
[Date "2021.08.30"]
[Round "5.22"]
[White "Blohberger, Felix"]
[Black "Ter-Sahakyan, Samvel"]
[Result "1/2-1/2"]
[WhiteElo "2502"]
[BlackElo "2624"]
[Annotator "TA"]
[PlyCount "85"]
[EventDate "2021.08.26"]
[EventType "swiss"]
[EventCountry "ISL"]
[Tiebreak "Cut1 Buchholz"]
[SourceTitle "playchess.com"]
[Source "ChessBase"]
[SourceQuality "1"]

{[%evp 14,85,44,37,52,26,35,18,20,14,11,11,19,0,16,0,17,0,0,0,0,-11,24,25,31,
27,57,55,132,130,128,128,137,137,129,77,78,36,44,37,31,35,39,31,44,19,27,0,0,0,
0,0,0,0,0,0,2,0,0,0,0,0,0,0,0,-28000,-28000,-28000,-28000,-28000,-28000,-28000,
-28000,-28000]} 1. e4 c5 2. Nf3 d6 3. d4 cxd4 4. Nxd4 Nf6 5. Nc3 a6 6. Bg5 Nc6
7. Qd2 Nxd4 8. Qxd4 Qa5 {B60: Sicilian: Richter-Rauzer: Unusual Black 6th
moves and 6...Bd7 without 7 Qd2.} 9. Bd2 e5 {[#]} 10. Nd5 $146 ({Predecessor:} 
10. Qd3 Be6 11. O-O-O Rc8 12. a3 Qc7 13. Bg5 Ng4 14. Rd2 h6 15. Bh4 Be7 16.
Bxe7 Kxe7 {0-1 (53) Ter Sahakyan,S (2644)-Damljanovic,B (2501) Veliko Gradiste
2021}) 10... Qxd5 {The position is equal.} 11. Qxd5 Nxd5 12. exd5 Be7 13. c4 f5
14. Be2 Bd7 15. O-O a5 16. Rac1 Kf7 17. f4 exf4 18. Bxf4 Rhe8 19. Bd3 g6 20. g4
h5 ({Black should play} 20... fxg4 $14 21. Bxd6+ Kg8 22. Bxe7 Rxe7) 21. gxh5
$16 gxh5 22. Kh1 Rg8 23. Rce1 Rae8 24. Bd2 ({Better is} 24. b3) 24... Bf6 25.
Bxf5 (25. b3 {is more complex.} Rxe1 26. Bxe1 a4 27. Bg3 axb3 28. axb3 Ke7 29.
Bxf5 h4 30. Bxd6+ Kxd6 31. Bxd7 Bd4 32. Be6) 25... Bxf5 26. Rxf5 Rxe1+ 27. Bxe1
{[%mdl 4096] [#] Endgame Threatens to win with Bc3. KRB-KRB} Kg6 28. Rf2 Rc8
29. b3 a4 30. Re2 b5 31. cxb5 axb3 32. axb3 {[#] Hoping for b6.} Rb8 33. Re6
Kf7 34. Rxd6 {And now b6 would win.} Rxb5 35. b4 Be7 36. Re6 (36. Rd7 {looks
sharper.} Ke8 37. Ra7 Bxb4 38. Bh4 Rxd5 39. Rh7) 36... Bxb4 37. Bxb4 Rxb4 $11 {
KR-KR} 38. Rh6 Rd4 39. Rxh5 $2 {[%mdl 8192]} (39. Rd6 $11) 39... Kg6 {Mate.}
40. Re5 Kf6 41. Re6+ Kf7 42. Re5 Kf6 43. Re6+ {[%mdl 32768] Weighted Error
Value: White=0.35/Black=0.05. An unexpected result.} 1/2-1/2

[Event "EICC 2021"]
[Site "Reykjavik"]
[Date "2021.08.30"]
[Round "5.23"]
[White "Svane, Rasmus"]
[Black "Gavrilescu, David"]
[Result "1/2-1/2"]
[WhiteElo "2615"]
[BlackElo "2477"]
[Annotator "TA"]
[PlyCount "179"]
[EventDate "2021.08.26"]
[EventType "swiss"]
[EventCountry "ISL"]
[Tiebreak "Cut1 Buchholz"]
[SourceTitle "playchess.com"]
[Source "ChessBase"]
[SourceQuality "1"]

{[%evp 20,179,18,11,18,12,29,17,22,25,11,10,37,33,33,30,18,18,27,29,16,25,60,
64,64,64,64,64,62,62,64,58,76,43,45,43,45,31,125,66,112,112,112,97,97,90,127,
118,123,123,123,123,123,123,123,118,123,118,132,118,123,123,123,123,123,123,
123,123,123,123,123,123,123,0,100,0,123,123,123,123,124,124,124,124,124,124,
124,124,124,124,124,124,124,124,124,124,124,124,124,124,124,124,124,124,124,54,
54,54,124,54,69,54,54,54,54,54,124,124,124,124,124,0,124,8,8,8,8,8,8,8,8,8,8,8,
8,8,19,34,34,34,34,34,34,8,8,8,8,8,8,0,8,0,8,8,8,8,8,8,8,8,8,8]} 1. e4 e6 2. d4
d5 3. Nc3 Nf6 4. e5 Nfd7 5. f4 c5 6. Nf3 Nc6 7. Be3 cxd4 8. Nxd4 Qb6 9. Qd2
Qxb2 10. Rb1 Qa3 11. Bb5 {And now Rb3 would win.} Nxd4 {C11: French: Classical
System: 4 e5 and 4 Bg5 dxe4.} 12. Bxd4 ({Don't play} 12. Qxd4 a6 $17) 12... a6
13. Bxd7+ Bxd7 14. Rb3 Qe7 15. Rxb7 Qh4+ (15... Rc8 {is more complex.} 16. O-O
Qd8 17. Qf2 Rc4 18. Rfb1 Ba3) 16. Qf2 {16.g3 is the modern continuation.} Qxf2+
17. Kxf2 Be7 18. Rhb1 {[#]} Bd8 $146 ({Predecessor:} 18... Bc8 19. R7b3 O-O 20.
Na4 a5 21. Nb6 Ra6 22. Rc3 Rxb6 23. Rxb6 f6 24. Rc7 fxe5 25. Bxe5 Bh4+ 26. g3
Bf6 27. Bxf6 gxf6 28. Rbc6 {1-0 (28) Wang,J (2380)-Zhang,X (2374) China 2016})
19. Rb8 Rxb8 20. Rxb8 O-O {White must now prevent ...Bh4+.} 21. Rb7 $1 {
[%cal Rb7d7]} Bc6 22. Ra7 Ba5 23. Rxa6 {[%mdl 64] Double Attack} Bxc3 24. Bxc3
$14 {[%mdl 4096] Endgame KRB-KRB} Rc8 25. Ke3 Bb5 26. Rb6 Ba4 27. Kd3 h5 28.
Rb4 Rc4 (28... Ra8 $1 $14) 29. a3 ({White should try} 29. Rxc4 $16 dxc4+ 30.
Kxc4) 29... Kh7 30. Rxc4 dxc4+ 31. Kxc4 Bxc2 $16 {KB-KB} 32. Kc5 Kg8 33. Kd6
Kf8 {[#]} 34. Kd7 $1 Ba4+ {[#]} 35. Kd8 $1 Bc6 36. g3 Ba4 37. Bb4+ Kg8 38. Be7
Bb3 39. Bd6 Bc2 40. Ke7 Bb3 41. Bb4 Ba4 42. Bd2 Bc2 43. Be3 Bd1 44. Bc1 Bc2 45.
Bd2 Bd1 46. Bc1 Bc2 $1 47. Be3 Bd1 $1 48. h3 Bc2 49. g4 hxg4 50. hxg4 Bd1 51.
g5 Bc2 52. Bd4 Bb3 53. Bf2 Bc2 54. Bh4 Bb3 55. Be1 Bc2 56. Ba5 Bb3 57. Bd8 Bc2
58. Bc7 Bb3 59. Bb8 Bc2 60. Bd6 Bb3 61. Bb4 Bc2 62. Kd8 (62. Bd2 $16) 62... Kh7
$14 63. Ke8 Kg8 (63... Kg6 $14) 64. Be7 (64. Ke7 $16) 64... Ba4+ 65. Kd8 Kh7
66. Bc5 Bb3 67. Ke7 Kg8 ({Better is} 67... Kg6 $14) 68. Bd4 $16 Bc2 69. Bc3 Bb3
70. Be1 Bc2 $1 71. g6 ({White should play} 71. Bd2 $16) 71... Bxg6 $11 72. a4
Bd3 73. a5 Be2 74. Bh4 Bd3 75. Bg3 Be2 76. Bh2 Bd3 77. Bg1 Be2 78. Bc5 Bd3 79.
Bb4 Be2 80. Kd7 Kh7 81. Bf8 Kg6 {The position is equal.} 82. Kd6 Bf1 83. Kc6 f6
84. Kb6 Kf7 85. Bc5 Kg6 86. exf6 gxf6 87. a6 Bxa6 88. Kxa6 e5 89. fxe5 fxe5 90.
Kb5 {Weighted Error Value: White=0.08/Black=0.07} 1/2-1/2

[Event "EICC 2021"]
[Site "Reykjavik"]
[Date "2021.08.30"]
[Round "5.24"]
[White "Bartel, Mateusz"]
[Black "Maurizzi, Marc Andria"]
[Result "1/2-1/2"]
[WhiteElo "2611"]
[BlackElo "2488"]
[Annotator "TA"]
[PlyCount "63"]
[EventDate "2021.08.26"]
[EventType "swiss"]
[EventCountry "ISL"]
[Tiebreak "Cut1 Buchholz"]
[SourceTitle "playchess.com"]
[Source "ChessBase"]
[SourceQuality "1"]

{[%evp 9,63,9,7,17,10,0,0,0,27,0,25,0,7,0,0,-3,11,8,10,9,4,0,10,5,7,10,39,0,0,
0,-1,0,0,-17,-22,-16,0,0,0,-4,0,-7,0,-7,-7,-14,0,-14,0,0,0,0,0,0,0,0]} 1. e4 e5
2. Nf3 Nc6 3. Nc3 Nf6 4. h3 d5 5. exd5 Nxd5 6. Bb5 {C47: Scotch Four Knights
and Four Knights with 4 g3.} Nxc3 7. bxc3 Bd6 8. O-O O-O 9. Re1 Qf6 10. d3 {[#]
} a6 $146 ({Predecessor:} 10... h6 11. Nd2 Qg6 12. Qf3 Bd7 13. Ne4 a6 14. Bc4
Na5 15. Bd5 c6 16. Bb3 Be7 {1/2-1/2 (65) Kovalev,V (2683)-Sanal,V (2490) St
Petersburg 2018}) 11. Bc4 Be6 12. Bb3 h6 13. Nd2 Qg6 14. Qf3 f5 15. Nc4 Kh8 16.
Nxd6 cxd6 17. Rb1 Rf7 18. Ba3 Rc8 {The position is equal.} 19. Qg3 Qxg3 20.
fxg3 Bxb3 21. Rxb3 d5 22. Rb6 Rd8 23. Bc5 Kh7 24. a4 g5 25. Kf2 e4 26. Kg1 Rdd7
27. g4 fxg4 28. hxg4 Rf4 29. Reb1 Rff7 30. Re1 Rf4 31. Reb1 Rff7 32. Re1 {
An uneventful encounter.  Weighted Error Value: White=0.05/Black=0.06} 1/2-1/2

[Event "EICC 2021"]
[Site "Reykjavik"]
[Date "2021.08.30"]
[Round "5.25"]
[White "Gretarsson, Hjorvar Steinn"]
[Black "Kjartansson, Gudmundur"]
[Result "1-0"]
[WhiteElo "2603"]
[BlackElo "2470"]
[Annotator "TA"]
[PlyCount "119"]
[EventDate "2021.08.26"]
[EventType "swiss"]
[EventCountry "ISL"]
[Tiebreak "Cut1 Buchholz"]
[SourceTitle "playchess.com"]
[Source "ChessBase"]
[SourceQuality "1"]

{[%evp 15,119,31,57,29,64,37,81,41,45,60,74,73,75,88,101,0,0,0,0,-16,-19,-26,
-31,-35,-26,-31,-34,-83,-17,-30,-11,-12,0,0,-9,-15,-6,-7,0,0,0,0,4,0,0,0,0,0,0,
0,0,0,3,3,7,0,0,0,0,0,254,244,540,540,540,540,535,532,521,515,529,511,511,499,
479,473,742,713,713,627,1048,1033,992,920,1450,1227,2006,1776,1639,1185,29971,
29972,29974,29975,29974,29975,29973,29974,29974,29975,29981,29982,29982,29983,
29983,29984]} 1. d4 Nf6 2. c4 c5 3. d5 g6 4. Nc3 Bg7 5. e4 d6 6. h3 O-O 7. Bd3
e6 8. Nf3 Na6 9. Be3 {[#] E90: King's Indian: Classical: Early deviations and
6 h3.} Nb4 $146 ({Predecessor:} 9... exd5 10. exd5 Nb4 11. Bb1 b5 12. a3 bxc4
13. axb4 cxb4 14. Ne2 Bb7 15. Bd4 a5 16. O-O Re8 17. Nf4 Rc8 18. Bc2 {1-0 (35)
Gledura,B (2767)-Melkumyan,H (2866) Chess.com INT 2019}) 10. Bb1 b5 11. dxe6 {
White is better.} (11. cxb5 a6 $11) 11... Bxe6 12. a3 (12. Nxb5 Nd7 $11) 12...
Qa5 13. cxb5 ({Reject} 13. Qxd6 {[#]} Rfd8 $1 $15) 13... a6 14. O-O axb5 15. e5
(15. Qxd6 $16 Na6 16. Bc2) 15... dxe5 $11 16. Bxc5 Rfd8 17. Qe1 Nc6 {Hoping
for ...b4.} 18. b4 ({Don't blunder} 18. Nxe5 $2 Nxe5 19. Qxe5 b4 $19) 18... Qa6
19. Ba2 Bxa2 20. Rxa2 {White wants to play a4.} Nd7 21. Ne4 Nxc5 ({Black
should try} 21... f5 $17 22. Nd6 e4) 22. Nxc5 Qb6 23. Qb1 Rd5 24. Qb3 Rad8 25.
Rc2 h6 26. Re1 Kh7 27. h4 Nd4 28. Nxd4 exd4 29. Qd3 Kg8 30. Rce2 Qb8 31. g3 Bf8
32. Ne4 Bg7 33. Rc1 Qa7 34. Rec2 Qd7 35. Rc5 Qf5 36. Kg2 Re8 37. f3 {And now
Qxb5 would win.} h5 $2 {[%mdl 8192] White stays focused until the end.} (37...
Rxc5 $11 38. bxc5 (38. Rxc5 Qe6 $11) 38... Qd5) 38. Qxb5 $1 $18 Red8 (38...
Rde5 39. Rxe5 Qxe5 40. Qxe5 Bxe5) 39. Rxd5 Qxd5 40. Qxd5 Rxd5 {[%mdl 4096]
Endgame KRB-KRN} 41. Rc8+ Kh7 42. Ng5+ {[%mdl 64] Double Attack} Kh6 43. Nxf7+
Kh7 {Black hopes to continue with ...d3.} 44. Ng5+ Kh6 {[#] If only Black now
had time for ...d3....} 45. Rd8 $3 {[%mdl 576] Decoy} Rxd8 (45... Rb5 $142 46.
Rd7 Rb6) 46. Nf7+ {[%mdl 64] Double Attack} Kh7 47. Nxd8 {KB-KN} d3 {White
must now prevent ...d2.} 48. Kf1 g5 49. Ne6 gxh4 50. gxh4 Bf6 51. Nf4 d2 52.
Ke2 Bxh4 53. Nxh5 {White mates.} Kg6 54. Nf4+ Kf5 55. Nd3 Bg5 56. a4 {[%cal
Ba3a4,Ba4a5,Ba5a6][%mdl 32]} Be3 57. Nc5 Ke5 58. a5 Kd4 59. a6 Kc3 60. Kd1 {
Weighted Error Value: White=0.10/Black=0.35} 1-0

[Event "EICC 2021"]
[Site "Reykjavik"]
[Date "2021.08.30"]
[Round "5.26"]
[White "Romanov, Evgeny"]
[Black "Horvath, Dominik"]
[Result "1-0"]
[WhiteElo "2594"]
[BlackElo "2455"]
[Annotator "TA"]
[PlyCount "59"]
[EventDate "2021.08.26"]
[EventType "swiss"]
[EventCountry "ISL"]
[Tiebreak "Cut1 Buchholz"]
[SourceTitle "playchess.com"]
[Source "ChessBase"]
[SourceQuality "1"]

{[%evp 20,59,0,-9,0,0,0,0,5,16,1,0,125,88,191,182,249,262,414,396,409,358,370,
362,360,373,366,364,433,440,416,426,433,415,423,418,427,418,437,412,402,376]} 
1. c4 {Huzman,A} Nf6 2. Nc3 c5 3. Nf3 e6 4. e3 d5 5. d4 dxc4 6. Bxc4 a6 7. O-O
b5 8. Bb3 Bb7 9. Qe2 Nbd7 10. Rd1 Qb6 11. a4 {[%cal Ra4b5]} c4 {D29: Queen's
Gambit Accepted: Classical main line: 7 Qe2 with early ...Nbd7.} 12. Bc2 b4 13.
a5 Qc7 {The position is equal.} 14. Na4 Qxa5 15. e4 {[#]} Qb5 $146 (15... Rc8
$11) ({Predecessor:} 15... Rc8 16. Bg5 b3 17. Bb1 Bb4 18. Bd2 Qb5 19. Bxb4 Qxb4
20. Nc3 Nb6 21. d5 exd5 {1-0 (33) Istratescu,A (2593)-Sturua,Z (2545) Istanbul
2003 CBM 096 [Huzman,A]}) 16. Bf4 {[%mdl 1024] White has strong compensation.}
Nh5 (16... Rc8 $16 {was worth a try.}) 17. Be3 $18 Nhf6 {[#]} (17... b3 $142)
18. d5 $1 {Black must now prevent Nd4.} e5 (18... a5 $142 19. dxe6 fxe6) 19. b3
Rc8 20. Nb2 {[%cal Rb3c4]} Bc5 {and if ...cxb3 works, Black does fine.} ({
Wrong is} 20... cxb3 $2 21. Bd3 $18) 21. Nxc4 {And now Ra5 would win.} Ba8 22.
Ra5 {[%cal Ba1a5,Ba5a6,Ba6b6][%mdl 32]} Qb8 23. Bxc5 {[%mdl 64] [#] Overworked
Piece} Nxc5 24. Nfxe5 O-O 25. Qe3 Ncd7 26. Nxd7 Nxd7 27. Rxa6 Rfe8 28. Qa7 Nc5
29. Qxb8 Rxb8 30. Rb6 {Black got outplayed after the opening.  Weighted Error
Value: White=0.06/Black=0.30} 1-0

[Event "EICC 2021"]
[Site "Reykjavik"]
[Date "2021.08.30"]
[Round "5.27"]
[White "Kobo, Ori"]
[Black "Parligras, Mircea-Emilian"]
[Result "1/2-1/2"]
[WhiteElo "2490"]
[BlackElo "2591"]
[Annotator "TA"]
[PlyCount "33"]
[EventDate "2021.08.26"]
[EventType "swiss"]
[EventCountry "ISL"]
[Tiebreak "Cut1 Buchholz"]
[SourceTitle "playchess.com"]
[Source "ChessBase"]
[SourceQuality "1"]

{[%evp 15,33,7,22,29,32,27,37,33,33,12,10,10,23,16,16,16,16,0,5,0]} 1. Nf3 c5
2. c4 Nf6 3. Nc3 Nc6 4. d4 cxd4 5. Nxd4 e6 6. Bg5 Be7 7. e3 O-O 8. Be2 d5 (8...
h6 {is more complex.} 9. Bh4 Qb6 10. a3 d5 11. Na4 Qc7) 9. cxd5 {D50: Queen's
Gambit Declined: Dutch-Peruvian Gambit.} Nxd4 10. Qxd4 Nxd5 11. Bxe7 {White is
slightly better.} Nxe7 12. Rd1 Qxd4 13. Rxd4 {[#]} Nc6 $146 ({Predecessor:} 
13... e5 14. Rd2 Be6 15. O-O Rfd8 16. Rfd1 Rxd2 17. Rxd2 Nc6 18. f4 Kf8 19. Kf2
Rd8 20. Rxd8+ Nxd8 {1/2-1/2 (69) Stocek,J (2559)-Kononenko,D (2502) Pardubice
2008}) 14. Rd2 Rd8 {The position is equal.} 15. Rxd8+ Nxd8 16. O-O Kf8 17. Rd1
{Weighted Error Value: White=0.09/Black=0.05} 1/2-1/2

[Event "EICC 2021"]
[Site "Reykjavik"]
[Date "2021.08.30"]
[Round "5.28"]
[White "Nguyen, Thai Dai Van"]
[Black "Grigorian, Spartak"]
[Result "0-1"]
[WhiteElo "2588"]
[BlackElo "2448"]
[Annotator "TA"]
[PlyCount "82"]
[EventDate "2021.08.26"]
[EventType "swiss"]
[EventCountry "ISL"]
[Tiebreak "Cut1 Buchholz"]
[SourceTitle "playchess.com"]
[Source "ChessBase"]
[SourceQuality "1"]

{[%evp 21,82,0,17,16,17,8,15,13,12,24,20,0,0,0,0,0,0,0,0,-3,0,-39,-13,0,0,-12,
0,-16,-16,-41,-21,-58,-53,-102,-104,-116,-126,-119,-119,-193,-183,-162,-170,
-169,-166,-240,-204,-325,-258,-324,-302,-439,-416,-396,-253,-1449,-1437,-1415,
-1339,-1197,-1028,-860,-743]} 1. e4 c5 2. Nf3 d6 3. d4 cxd4 4. Nxd4 Nf6 5. Nc3
a6 6. Be3 Ng4 7. Bc1 Nf6 8. Be2 e5 9. Nb3 Be7 10. O-O O-O 11. a4 {11.a4 is a
critical line.} Be6 12. Bf3 {B92: Sicilian Najdorf: 6 Be2.} Nbd7 13. Re1 Qc7
14. Nd2 {The position is equal.} Qc6 15. Nf1 b5 {[#]} 16. Nd5 $146 ({
Predecessor:} 16. Ne3 b4 17. Ncd5 Bxd5 18. exd5 Qc7 19. Bd2 Rab8 20. Qe2 Nc5
21. Qc4 a5 22. c3 b3 23. Nf5 Qd7 24. g4 {1/2-1/2 (35) Panarin,M (2532)
-Sjugirov,S (2602) Dagomys 2010}) 16... Bxd5 17. exd5 Qb7 18. Ne3 Rfc8 19. a5
Bf8 20. Bd2 g6 21. Rc1 Rc7 (21... e4 $5 {[%cal Re4f3]} 22. Bg4 Re8 $15) 22. g3
Rac8 23. Bg2 h5 24. Bb4 Qa7 25. Qe2 Ng4 26. Nxg4 hxg4 27. c3 {[#] Black keeps
a firm grip on the game.} f5 28. h3 gxh3 29. Bxh3 e4 30. Bg2 (30. Qe3 $17)
30... Ne5 $19 31. Rcd1 Rh7 32. Qe3 Qe7 33. b3 (33. Qb6 {might work better.})
33... g5 34. Qb6 (34. Bxd6 {was called for.} Qxd6 35. Qxg5+ Qg6 36. Qxg6+ Nxg6
37. d6) 34... g4 35. Qxa6 Rb8 36. Re3 (36. Ba3 $142) 36... Rh6 37. Kf1 Rh2 38.
Rd4 $2 (38. Ree1) 38... Qh7 {And now ...Rxg2! would win.Black is clearly
winning.} 39. Bxd6 {[#]} Nf3 $1 {( -> ...Rh1+!)} 40. Ke2 Nxd4+ 41. cxd4 {[#]}
Rh6 $1 {[%mdl 512] Weighted Error Value: White=0.47/Black=0.12} 0-1